Statistics for Richard Gere Filmography

Click here to take the quiz!

General Stats

  • This quiz has been taken 66 times
    (7 since last reset)
  • The average score is 16 of 90

Answer Stats

TypeYearName% Correct
Film1990Pretty Woman
83%
Film2002Chicago
67%
Film1982An Officer and a Gentleman
50%
Film1999Runaway Bride
50%
Film1980American Gigolo
33%
Film1996Primal Fear
33%
Film1997Red Corner
33%
Film2004Shall We Dance?
33%
Theater1971Soon
33%
Film2009Amelia
17%
TV Film1993And the Band Played On
17%
Film2012Arbitrage
17%
Film2000Autumn in New York
17%
Film1976Baby Blue Marine
17%
Film2005Bee Season
17%
Theater1979-1980Bent
17%
Film1978Bloodbrothers
17%
Film1983Breathless
17%
Film2009Brooklyn's Finest
17%
TV Film1973Chelsea D.H.O.
17%
Documentary Mini-Series2014Cosmos: A Spacetime Odyssey
17%
Commercial2005Dandy House
17%
Film1978Days of Heaven
17%
Documentary Series2004Discovering Buddhism
17%
Film2000Dr. T & the Women
17%
TV Documentary2021Earth Emergency
17%
Commercial1999Ferrero Chocolates
17%
Film1992Final Analysis
17%
Film1995First Knight
17%
Theater1973Grease
17%
Theater1975-1976Habeas Corpus
17%
Film2009Hachi: A Dog's Tale
17%
Film2014Henry & Me
17%
Film2007I'm Not There
17%
Film1990Internal Affairs
17%
Film1994Intersection
17%
Commercial1991Japan Airlines
17%
Documentary2010Journey from Zanskar
17%
Film1985King David
17%
TV Show1976Kojak
17%
Commercial2008Lancia Delta
17%
FilmTBALonging
17%
Film1977Looking for Mr. Goodbar
17%
Film2023Maybe I Do
17%
Commercial2007Meals on Wheels
17%
Film1988Miles from Home
17%
TV Mini-Series2019MotherFatherSon
17%
Film2013Movie 43
17%
Film1993Mr. Jones
17%
Film2008Nights in Rodanthe
17%
Film1986No Mercy
17%
Film2016Norman: The Moderate Rise and Tragic Fall of a New York Fixer
17%
FilmTBAOh Canada
17%
Commercial2012Orangina
17%
Film1986Power
17%
Film1975Report to the Commissioner
17%
Film1991Rhapsody in August
17%
Film1993Sommersby
17%
TV Film1975Strike Force
17%
Film2015The Benefactor
17%
TV Documentary2010The Buddha
17%
Film1984The Cotton Club
17%
Film2017The Dinner
17%
Film2011The Double
17%
Film2007The Flock
17%
Film2006The Hoax
17%
Film1983The Honorary Consul
17%
Film2007The Hunting Party
17%
Film1997The Jackal
17%
FilmTBAThe Making Of
17%
Film2002The Mothman Prophecies
17%
Film2015The Second Best Exotic Marigold Hotel
17%
TV Show2001The Simpsons
17%
Commercial2005The Tokyo Towers
17%
Film2017Three Christs
17%
Film2014Time Out of Mind
17%
Film2002Unfaithful
17%
Commercial2006VISA
17%
Film1979Yanks
17%
TV Documentary1998AFI's 100 Years... 100 Movies: America's Greatest Movies
0%
Theater1975A Midsummer Night's Dream
0%
Documentary2010Brilliant Moon: Glimpses of Dilgo Khyentse Rinpoche
0%
Documentary Series2021Climate Emergency: Feedback Loops
0%
Documentary2005Ending Aids: The Search for a Vaccine
0%
Documentary Series2003Freedom: A History of US
0%
TV Documentary1995Journey to Enlightenment
0%
Theater1975Killer's Head / Action
0%
TV Special2004Moving Image Salutes Richard Gere
0%
Short Documentary2009Mustang: Journey of Transformation
0%
TV Special2007Premio Donostia a Richard Gere
0%

Score Distribution

Percentile by Number Answered

Percent of People with Each Score

Your Score History

You have not taken this quiz since the last reset